Európska politika a Napoleon pokus Napoleona o vylodenie v Anglicku

Bibliographic Details
Main Author: Hupko, Daniel (Author)
Format: Article
Language:Slovak
PhysicalDescription:Obr.
ISSN:1335-6550
Subjects:

MARC

LEADER 00000nab a2200000 a 4500
001 vtls008302780
003 SK-MaSNL
005 20260304150004.0
008 250505c2005 xo ||||||| 000 b|slo
015 |a SNBRB2005/10  |2 snkbucl 
035 |a (uuid)35485e0a-009a-4623-ae8e-b61fbde92d7d 
035 |a urn:nbn:sk:snk-ab1m7d 
035 |a (urnnbn)urn:nbn:sk:snk:ar-004j1h 
038 |a SNKBUCL 
040 |a SNKBUCL  |b slo  |c SNKBUCL  |e AACR2 
041 0 |a slo 
044 |a xo  |c SK 
080 |a 94(44)  |x "1802/1805"  |2 1997 
080 |a 94(410.1)  |x "1802/1805"  |2 1997 
080 |a 94(44)-051  |x "17/18"  |2 1997 
080 |a 94(4)  |x "1802/1805"  |2 1997 
100 1 |a Hupko, Daniel  |4 aut  |9 364762 
245 1 0 |a Európska politika a Napoleon  |b pokus Napoleona o vylodenie v Anglicku  |c Daniel Hupko 
300 |b Obr. 
600 0 7 |a Napoleon  |b I.,  |c francúzsky cisár,  |d 1769-1821  |2 snkbucl  |9 81416 
648 7 |a 1802-1805  |2 snkbucl  |9 1469590 
650 0 7 |a napoleonské vojny (1800-1815)  |2 snkbucl  |9 178429 
651 7 |a Francúzsko  |2 snkbucl  |9 15907 
651 7 |a Anglicko  |x dejiny  |2 snkbucl  |9 56325 
651 7 |a Európa  |2 snkbucl  |9 167569 
773 0 |t Historická revue  |g Roč. XVI, č. 7-8 (2005), s. 22-25  |x 1335-6550 
850 |a Slovenská národná knižnica 
852 |a Slovenská národná knižnica 
954 |a odborná, vedecká literatúra pôvodná (slovenská)  |2 lita 
958 |a article27 
958 |a FR 
958 |a GB 
958 |a OND 
958 |a EUIPO 
999 |c 2937659  |d 2939589